00473cam a22001217a 4500008004000000082001800040245011600058260003200174300001000206650002700216999001900243952008900262180718b1959 xxu||||| |||| 00| 0 eng d aN1208x73 Es73 aEssentials of military training: a manual for members of the regular army, army national guard and army reserve aHarrisburgbStockpolec1959 a536p. aUSA - Army - Education c364979d364979 00104070aIIPAbIIPAd1994-04-15oN1208x73 Es73p30927r2018-07-21w2018-07-21yBK